| 000 | 00356nam a22001457a 4500 | ||
|---|---|---|---|
| 003 | SGT | ||
| 082 |
_a615.53 _bC21S |
||
| 100 | _aSHARMA, SHREE RAM | ||
| 245 | _aCHIKITSHA UPCHAR KE VIVIDH AAYAM | ||
| 260 |
_aMATHURA _b AKHAND JYOTI SANSTHAN _c2021 |
||
| 300 | _a312 | ||
| 650 | _aAYURVEDA | ||
| 653 | _aCHIKITSHA, UPCHAR , VIVIDH, AAYAM | ||
| 942 |
_2ddc _cBK |
||
| 999 |
_c32614 _d32614 |
||